00494nam a22001457a 4500003000200000005001700002008004100019020002200060050002200082245009400104260003000198300003000228504006300258650002700321020240807153307.0240807b xxu||||| |||| 00| 0 eng d a978-1-03-258930-5 aRA 790b.C66 2024 aCommunity psychology :b emerging issues and challengescSibnath Deb [ and three others ] aNew YorkbRoutledgec2024 axxiv, 470 pages ;c24cm.  aIncludes bibliographical references, index, and glossary.  aCommunity psychology.